000 00450nam a2200181Ia 4500
001 11653
005 20260306162843.0
008 260306t2022||||xx |||||||||||||| ||spa||
041 _aESP
082 _a985.7
_bE87
100 _aEspinosa, Óscar,
_eAUT
245 0 _aEl nudo amazónico :
_bel Perú y sus pueblos indígenas
260 _c2022
300 _a199 páginas :
_c21 cm.
650 _aGEN
654 _aCHU
942 _cLIB
_dJUS
_fJUS
_2ddc
_n
999 _c11653
_d11653